000 00334nam a2200157Ia 4500
003 0STCL
008 150530s9999 xx 000 0 und d
040 _aSTCL
_cSTCL
100 _aTilden, W.A.
245 _aFamous chemists
260 _c1921
546 _aEnglish
942 _2ddc
_cBK
999 _c31822
_d31822
005 20220125170231.0